Quick Pick: Spanish Weather Quiz Stats

 Plays Quiz Updated Jan 5, 2018

Score 0/10 Timer 01:00
2 Plays Today
% Correct
Hurricane
95.2%
Sun
95%
Storm
88.7%
Cold
86.3%
Hot
83.4%
Wind
77.8%
Snow
73.3%
Rain
72.1%
Cloud
68.7%
Ice
63.5%

Today's Daily Dose

You're not logged in!

Compare scores with friends on all Sporcle quizzes.
OR
Log In

You Might Also Like...

Show Comments

Extras

Top Quizzes Today


Score Distribution

Your Account Isn't Verified!

In order to create a playlist on Sporcle, you need to verify the email address you used during registration. Go to your Sporcle Settings to finish the process.

Report this User

Report this user for behavior that violates our Community Guidelines.

Details: